000
00290nam a22001337a 4500
008
170608b xxu||||| |||| 00| 0 eng d
020
_a
919737394x
041
_a
eng
080
_a
32
100
_a
17
101
_a
SHP
245
_a
BEYOND THE NATION STATE
_c
WINDFUHR, M
942
_2
udc
_c
BK
999
_c
16535
_d
16535